000 01592cam a2200433 i 4500
001 8207
003 FISKH
005 20250902111634.0
008 201002s2020 nyua j 000 1 eng d
010 _a 2020947243
020 _a9780241484708
_q(hardcover)
020 _a9780241414576
040 _aTOH
_beng
_erda
_cTOH
_dDLC
050 0 0 _aPZ8.3.F457
_bLk 2020
082 _a823.92
100 1 _aFielding, Rhiannon,
_eauthor.
245 1 0 _aLittle Unicorn's Christmas /
_cRhiannon Fielding ; [illustrated by] Chris Chatterton.
260 _aNew York :
_bLadybird,
_c2020
300 _a32 unnumbered pages :
_bcolor illustrations ;
_c24 x 30 cm.
336 _atext
_btxt
_2rdacontent
336 _astill image
_bsti
_2rdacontent
337 _aunmediated
_bn
_2rdamedia
338 _avolume
_bnc
_2rdacarrier
490 0 _aTen minutes to bed
500 _a"First published in the United Kingdom in 2019 by Ladybird Books Ltd."
505 _aJ
520 _aTwinkle the Unicorn's dad counts down from ten to let her know when it is time for bed, but Twinkle is not tired and prances through the trees where she happens upon Santa on Christmas Eve.
521 8 _a430
_bLexile estimate
521 8 _aJ
_bRaz-Plus
650 1 _aStories in rhyme.
650 1 _aUnicorns
_vFiction.
650 1 _aBedtime
_vFiction.
655 1 _aChristmas
_vFiction.
655 7 _aPicture books.
_2lcgft
655 7 _aFiction.
_2lcgft
_0https://id.loc.gov/authorities/genreForms/gf2014026339
906 _a7
_bcbc
_ccopycat
_d2
_encip
_f20
_gy-gencatlg
942 _2ddc
_cBK
_n0
999 _c8207
_d8207